000
002790000a22000970004500
100
1
_a
Eenigenburg, Don
245
1
0
_a
The pros and cons of islamicized contextualization
300
_a
Vol. 33, Núm 3 (1997), Páginas 310-315
773
0
_t
Evangelical Missions Quarterly
942
_c
ANA
999
_c
58229
_d
58229